| 000 | 00669cab a22002295a 4500 | ||
|---|---|---|---|
| 001 | L154537 | ||
| 008 | 111220e20111020xxk 000 0 eng d | ||
| 035 | _a(Sirsi) u154537 | ||
| 041 | 0 | _aeng | |
| 100 | 1 | _aStothart, Chloe | |
| 245 | 0 | 0 | _aMaking it happen |
| 260 | _c2011 | ||
| 490 |
_aConstruction News _v(7246) 15 December, 36-37(2) |
||
| 520 | _aTwo case studies illustrating how the use of building information modelling (BIM) on complex projects saved money and time. | ||
| 590 | _aKA | ||
| 650 | 2 | 4 | _aBUILDING INFORMATION MODELLING |
| 650 | 2 | 4 |
_aBIM _96219 |
| 651 | 4 |
_aUnited Kingdom _y |
|
| 651 | 4 | _aInternational | |
| 690 |
_aBIM _96219 |
||
| 942 | _n0 | ||
| 999 |
_c83654 _d83654 |
||